[Event "Vienna Advent op"]
[Site "Vienna"]
[Date "2023.12.11"]
[Round "1"]
[White "Ramoser, Mario"]
[Black "Schuh, Fabian"]
[Result "1-0"]
[WhiteElo "1920"]
[BlackElo "1719"]
[PlyCount "93"]
[EventDate "2023.12.11"]
[EventType "swiss"]
[EventRounds "7"]
[EventCountry "AUT"]
[SourceTitle "CB51_2023"]
[SourceDate "2023.12.20"]
[SourceVersion "1"]
[SourceVersionDate "2023.12.20"]
[SourceQuality "1"]

1. e4 c5 2. Nf3 e6 3. d4 cxd4 4. Nxd4 Nc6 5. Be3 Nf6 6. Nd2 d5 7. Nxc6 bxc6 8. e5 Nd7 9. f4 Bc5 10. Bxc5 Nxc5 11. b4 Nd7 12. Nb3 Qb6 13. Qd4 Ba6 14. c3 Bxf1 15. Rxf1 Ke7 16. Kd2 Qxd4+ 17. cxd4 Nb6 18. Na5 Kd7 19. Rac1 Rac8 20. Rf3 Rc7 21. Kd3 h5 22. g3 Nc8 23. f5 exf5 24. Rxf5 Ke6 25. Rcf1 Nb6 26. Nb3 Na4 27. Kc2 Rh6 28. Nc1 f6 29. Nd3 fxe5 30. Rxe5+ Kd6 31. Rf8 h4 32. g4 Re6 33. Rd8+ Ke7 34. Rh8 Rxe5 35. Nxe5 Kf6 36. Rxh4 c5 37. g5+ Kxg5 38. Nf3+ Kf5 39. dxc5 Nxc5 40. bxc5 Rxc5+ 41. Kd3 g5 42. Ra4 a5 43. h3 Kg6 44. Rg4 d4 45. Nxd4 Rd5 46. Ke4 Rc5 47. h4 1-0